000 00408nam a2200145Ia 4500
008 260417s2023 xx 000 0 und d
041 _aeng
082 _a612.015/RAJ
_bDI-1359
100 _aV.N.RAJE
245 _aBIOCHEMISTRY AND CLINICAL PATHOLOGY
250 _a4TH ed
260 _aPUNE
_b2023
_bCBS PUB AND DISTRI BUTERS PVT LTD
300 _aP.B.153p
650 _aBIOCHEMISTRY AND CLINICAL PATHOLOGY
999 _c1220670
_d1220670